000 00341nam a2200133Ia 4500
008 240624s9999 xx 000 0 und d
041 _aeng
082 _a658.5 MOO
100 _aMOORE RON
245 _aMAKING COMMON SENSE COMMON PRACTICE MODE
260 _c2000
_aNew Delhi
_bPrentice-Hall
300 _axx, : 356 : p. : cm. ; 25
365 _cRS
999 _c547
_d547